Artistas musicales por letra - A - Estadísticas

Estadísticas generales
  • Esta prueba ha sido intentada 251 veces
  • La puntuación promedio es 10 de 20
Estadísticas de respuestas
Años activo País Canciones Artista % Correcto
1973–1982 2016–2022 «Dancing Queen» | «Super Trouper» ABBA
90%
1988– «Corazón partío» | «La tortura» Alejandro Sanz
84%
2008– «Set Fire to the Rain» | «Hello» Adele
83%
2013– «Thank U, Next» | «7 Rings» Ariana Grande
83%
2017– «Mon amour» | «Los Ángeles» Aitana
82%
2011–2018 «Wake Me Up» | «Hey Brother» Avicii
67%
1977– «A quién le importa» | «Ni tú ni nadie» Alaska
63%
2004– «Me acostumbré» | «La jumpa» Arcángel
58%
1992– «Marta, Sebas, Guille y los demás» | «Kamikaze» Amaral
57%
2003–2011 «Rehab» | «Back to Black» Amy Winehouse
57%
2010– «Me gusta» | «Hasta que Dios diga» Anuel AA
50%
1985– «Take on Me» | «The Living Daylights» A-ha
49%
2002– «Sk8er Boi» | «Complicated» Avril Lavigne
42%
2000– «Estoy hecho de pedacitos de ti» | «Entre sobras y sobras me faltas» Antonio Orozco
40%
2001– «Girl on Fire» | «If I Ain't Got You» Alicia Keys
37%
1975– «Dirty Deeds Done Dirt Cheap» | «Let There be Rock» AC/DC
22%
2006– «I Bet You Look Good on the Dancefloor» | «Fluorescent Adolescent» Arctic Monkeys
20%
1976– «Me dediqué a perderte» | «Mátalas» Alejandro Fernández
19%
1967–1970, 1980, 2009 «Muchacha (Ojos de papel)» | «Ana no duerme» Almendra
15%
1990– «Bolero falaz» | «Baracunatana» Aterciopelados
8%
No se encontraron pruebas coincidentes
Distribución de puntuación
Porcentaje de gente con cada puntuación
Porcentaje por número respondido
Historial de tus puntuaciones
No has intentado esta prueba.